Expository notes of Ephesians. (Record no. 5815)

000 -LEADER
fixed length control field 00571nam a2200181 a 4500
001 - CONTROL NUMBER
control field :::00003557$&:&@@
003 - CONTROL NUMBER IDENTIFIER
control field OkBaRHE
005 - DATE AND TIME OF LATEST TRANSACTION
control field 20000607103307.0
008 - FIXED-LENGTH DATA ELEMENTS--GENERAL INFORMATION
fixed length control field s1940 j 000 0 eng u
040 ## - CATALOGING SOURCE
Transcribing agency
100 1# - MAIN ENTRY--PERSONAL NAME
Personal name Colyar, R. Nelson.
245 10 - TITLE STATEMENT
Title Expository notes of Ephesians.
260 ## - PUBLICATION, DISTRIBUTION, ETC. (IMPRINT)
Place of publication, distribution, etc Little Rock, AR., :
Name of publisher, distributor, etc The Challenge Press
Date of publication, distribution, etc c1940
300 ## - PHYSICAL DESCRIPTION
Extent 128 p. ;
Dimensions 22 cm.
650 ## - SUBJECT ADDED ENTRY--TOPICAL TERM
Topical term or geographic name as entry element Bible New Testament Ephesians
General subdivision Commentaries
942 ## - ADDED ENTRY ELEMENTS (KOHA)
Source of classification or shelving scheme
Koha item type Books
Copies
Permanent Location Full call number Date acquired Koha item type Source of classification or shelving scheme Total Renewals Withdrawn status Damaged status Total Checkouts Date last seen Lost status Copy number Shelving location Current Location Date checked out Price effective from Not for loan Barcode
RHEMA Bible Training CollegeBS 2695 .C5982010-04-14Books 1  12018-04-03 1General StacksRHEMA Bible Training College2012-03-152010-04-14 3557